000 00522nam a2200181Ia 4500
005 20250508152141.0
008 008 250505s9999 xx 000 0 eng d
037 _aTextual
040 _aFEDL
_beng
_cFEDL
041 _aeng
_2eng
084 _a371.927, VER
_qFEDL
100 _aVernon M D
245 0 _aBackwarnes in reading : Study of its nature and origin
260 _aCambridge
_bCambridge University Press
_c1957
300 _a227p.
942 _cTEXL
_h371.927, VER
999 _c1334589
_d1334589